Pays membres de la FIFA n'étant pas des Etats indépendants - Statistiques

Statistiques générales
  • Ce quiz a été pris 8 663 fois
  • Le résultat moyen est 8 sur 24
Statistiques - réponses
Equipe % Correct
UEFA Gibraltar
63%
UEFA Ecosse
62%
UEFA Pays de Galles
61%
UEFA Irlande du Nord
59%
UEFA Iles Féroé
54%
AFC Palestine
51%
UEFA Angleterre
48%
OFC Nouvelle-Calédonie
32%
AFC Hong Kong
28%
CONCACAF Porto Rico
28%
OFC Tahiti
26%
CONCACAF Curaçao
25%
CONCACAF Aruba
22%
CONCACAF Iles Vierges Britanniques
21%
OFC Samoa Américaines
21%
OFC Iles Cook
20%
CONCACAF Iles Vierges Américaines
20%
AFC Macao
19%
AFC Guam
18%
CONCACAF Bermudes
17%
CONCACAF Iles Caïmans
17%
CONCACAF Anguilla
14%
CONCACAF Montserrat
14%
CONCACAF Turks-et-Caicos
12%
Aucun quiz correspondant
Distribution des résultats
% des personnes avec chaque résultat
Percentile par nombre de réponses
Votre historique - résultats
Vous n’avez pas pris ce quiz